[Event "Sao Paulo Interclubs Paulista"]
[Site "Sao Paulo"]
[Date "2017.03.05"]
[Round "3.3"]
[White "Dos Santos, Anderson Nascimento"]
[Black "Miranda, Rafael"]
[Result "0-1"]
[WhiteElo "2015"]
[BlackElo "2041"]
[PlyCount "40"]
[EventDate "2017.03.04"]
[EventType "team-tourn"]
[EventRounds "7"]
[EventCountry "BRA"]
[SourceTitle "CBM 177 Extra"]
[Source "ChessBase"]
[SourceDate "2017.04.27"]
[SourceVersion "1"]
[SourceVersionDate "2017.04.27"]
[SourceQuality "1"]
[WhiteTeam "Sao Jose CC"]
[BlackTeam "Sao Jose Taimanov"]
[WhiteTeamCountry "BRA"]
[BlackTeamCountry "BRA"]

1. d4 Nf6 2. c4 g6 3. Nc3 Bg7 4. e4 d6 5. f3 0-0 6. Be3 e5 7. Qd2 exd4 8. Bxd4 Nc6 9. Be3 Be6 10. Nd5 Re8 11. Ne2 Ne5 12. Nd4 Bxd5 13. cxd5 c5 14. dxc6 bxc6 15. Rc1 d5 16. exd5 Nxd5 17. Be2 Nxe3 18. Qxe3 c5 19. Rxc5 Nd7 20. Nc6 Rxe3 0-1

[Event "Sao Paulo Interclubs Paulista"]
[Site "Sao Paulo"]
[Date "2017.03.05"]
[Round "4.4"]
[White "Mourao, Igor AC Lofredo"]
[Black "Dos Santos, Anderson Nascimento"]
[Result "1-0"]
[WhiteElo "2087"]
[BlackElo "2015"]
[PlyCount "65"]
[EventDate "2017.03.04"]
[EventType "team-tourn"]
[EventRounds "7"]
[EventCountry "BRA"]
[SourceTitle "CBM 177 Extra"]
[Source "ChessBase"]
[SourceDate "2017.04.27"]
[SourceVersion "1"]
[SourceVersionDate "2017.04.27"]
[SourceQuality "1"]
[WhiteTeam "Sao Jose FIP"]
[BlackTeam "Sao Jose CC"]
[WhiteTeamCountry "BRA"]
[BlackTeamCountry "BRA"]

1. d4 d5 2. c4 c6 3. cxd5 cxd5 4. Nf3 Nc6 5. Nc3 Nf6 6. e3 e6 7. Bd3 Bd6 8. 0-0 0-0 9. e4 dxe4 10. Nxe4 Nxe4 11. Bxe4 Re8 12. Qc2 g6 13. Bxc6 bxc6 14. Qxc6 Rb8 15. Bg5 Be7 16. Bxe7 Qxe7 17. Qc3 Ba6 18. Rfc1 Rec8 19. Qd2 Bb7 20. Ne5 Bd5 21. b3 Qh4 22. Nc4 Rd8 23. Rc3 Ba8 24. Rd1 Rb5 25. Rh3 Qg4 26. Rg3 Qh4 27. Rh3 Qg4 28. f3 Qg5 29. f4 Qf6 30. Ne5 h5 31. Rc3 Qe7 32. Qc2 Rb7 33. Nc6 1-0